书目信息 |
| 题名: |
吸毒少女的自白
|
|
| 作者: | 克莉丝蒂安妮 著 ;杜娟 译 | |
| 分册: | ||
| 出版信息: | 呼和浩特 远方出版社 2004.08 |
|
| 页数: | 257页 | |
| 开本: | 20cm | |
| 丛书名: | 世界金榜畅销译林 | |
| 单 册: | ||
| 中图分类: | I516.55 | |
| 科图分类: | ||
| 主题词: | 报告文学--德国--现代 | |
| 电子资源: | ||
| ISBN: | 7-80595-693-6 | |
| 000 | 00969oam2 2200265 45 | |
| 001 | 012001057295 | |
| 005 | 20070921092539.56 | |
| 010 | @a7-80595-693-6@dCNY22.50 | |
| 100 | @a20060416d2004 ekmy0chiy0120 ea | |
| 101 | 1 | @achi@cger |
| 102 | @aCN@b150000 | |
| 105 | @aa z 000zy | |
| 200 | 1 | @a吸毒少女的自白@AXi Du Shao Nu^ De Zi Bai@f(德) 克莉丝蒂安妮著@F( De ) Ke Li Si Di An Ni Zhu@g杜娟译 |
| 210 | @a呼和浩特@c远方出版社@d2004.08 | |
| 215 | @a257页@d20cm | |
| 225 | 2 | @a世界金榜畅销译林@h34 |
| 330 | @a我知道,我们很快就要搬到很远的地方,搬到一个名叫柏林的大城市去了。妈妈先飞往柏林。她要先找好住处,然后妹妹和我跟爸爸过几个星期再去。我们小孩子是第一次乘飞机,一切都非常令人兴奋。 | |
| 410 | 0 | @12001 @a世界金榜畅销译林 |
| 606 | 0 | @a报告文学@y德国@z现代 |
| 690 | @aI516.55@v4 | |
| 701 | 1 | @a克莉丝蒂安妮@AKe Li Si Di An Ni@4著 |
| 702 | 0 | @a杜娟@ADu Juan@4译 |
| 801 | 0 | @aCN@bBJSWSY@c20070921 |
| 905 | @aBZT@dI516.55@e5 | |
| 906 | @dCNY22.50@n0@r1 | |
| 吸毒少女的自白/(德) 克莉丝蒂安妮著/杜娟译.-呼和浩特:远方出版社,2004.08 |
| 257页;20cm.-(世界金榜畅销译林.34) |
| ISBN 7-80595-693-6:CNY22.50 |
| 我知道,我们很快就要搬到很远的地方,搬到一个名叫柏林的大城市去了。妈妈先飞往柏林。她要先找好住处,然后妹妹和我跟爸爸过几个星期再去。我们小孩子是第一次乘飞机,一切都非常令人兴奋。 |
| ● |
| 相关链接 |
|
|
|
正题名:吸毒少女的自白
索取号:I516.55/5
 
预约/预借
| 序号 | 登录号 | 条形码 | 馆藏地/架位号 | 状态 | 备注 |
| 1 | 584466 | 230146882 | 中心书库中库/打包BH0182/ [索取号:I516.55/5] | 在馆 | |
| 2 | 584467 | 230146881 | 中心书库中库/打包BH0182/ [索取号:I516.55/5] | 在馆 | |
| 3 | 584468 | 230146880 | 中心书库中库/打包BH0182/ [索取号:I516.55/5] | 在馆 | |
| 4 | 584469 | 230146879 | 中心书库中库/打包BH0182/ [索取号:I516.55/5] | 在馆 | |
| 5 | 584470 | 230146878 | 中心书库中库/打包BH0182/ [索取号:I516.55/5] | 在馆 |